| Tag |
First Indicator |
Second Indicator |
Subfields |
| LEADER |
00000cam a2200000Ma 4500 |
| 001 |
in00003572829 |
| 006 |
m o d |
| 007 |
cr mnu---uuaaa |
| 008 |
130125s2001 ne ob 000 0 eng |
| 005 |
20260422210557.9 |
| 020 |
|
|
|a 9789401730891 (electronic bk.)
|
| 020 |
|
|
|a 940173089X (electronic bk.)
|
| 020 |
|
|
|z 9789048157594
|
| 020 |
|
|
|z 9048157595
|
| 035 |
|
|
|a (OCoLC)851373963
|
| 040 |
|
|
|a AU@
|b eng
|e pn
|c AU@
|d GW5XE
|d OCLCO
|d OCLCQ
|d OCLCF
|d UtOrBLW
|
| 049 |
|
|
|a TXAM
|
| 050 |
|
4 |
|a S591.5
|b .S76 2001eb
|
| 082 |
0 |
4 |
|a 631.4
|2 23
|
| 245 |
0 |
0 |
|a Storing carbon in agricultural soils :
|b a multi-purpose environmental strategy /
|c edited by Norman J. Rosenberg and Roberto C. Izaurralde.
|
| 264 |
|
1 |
|a Dordrecht :
|b Springer Science+Business Media,
|c [2001]
|
| 264 |
|
4 |
|c ©2001
|
| 300 |
|
|
|a 1 online resource (iii, 117 pages)
|
| 336 |
|
|
|a text
|b txt
|2 rdacontent
|
| 337 |
|
|
|a computer
|b c
|2 rdamedia
|
| 338 |
|
|
|a online resource
|b cr
|2 rdacarrier
|
| 504 |
|
|
|a Includes bibliographical references.
|
| 500 |
|
|
|a Reprinted from Climate change, volume 51, number 1, 2001.
|
| 520 |
|
|
|a Soil carbon sequestration can play a strategic role in controlling the increase of CO2 in the atmosphere and thereby help mitigate climatic change. There are scientific opportunities to increase the capacity of soils to store carbon and remove it from circulation for longer periods of time. The vast areas of degraded and desertified lands throughout the world offer great potential for the sequestration of very large quantities of carbon. If credits are to be bought and sold for carbon storage, quick and inexpensive instruments and methods will be needed to monitor and verify that carbon is actually being added and maintained in soils. Large-scale soil carbon sequestration projects pose economic and social problems that need to be explored. This book focuses on scientific and implementation issues that need to be addressed in order to advance the discipline of carbon sequestration from theory to reality. The main issues discussed in the book are broad and cover aspects of basic science, monitoring, and implementation. The opportunity to restore productivity of degraded lands through carbon sequestration is examined in detail. This book will be of special interest to professionals in agronomy, soil science, and climatology.
|
| 588 |
|
|
|a Description based on print version record.
|
| 500 |
|
|
|a Electronic resource.
|
| 650 |
|
0 |
|a Soils
|x Quality.
|
| 650 |
|
0 |
|a Soil science
|x Research.
|
| 650 |
|
0 |
|a Carbon sequestration.
|
| 650 |
|
7 |
|a Carbon sequestration.
|2 fast
|0 (OCoLC)fst00846873
|
| 650 |
|
7 |
|a Soil science
|x Research.
|2 fast
|0 (OCoLC)fst01124610
|
| 650 |
|
7 |
|a Soils
|x Quality.
|2 fast
|0 (OCoLC)fst01124797
|
| 655 |
|
7 |
|a Electronic books.
|2 local
|
| 700 |
1 |
|
|a Rosenberg, Norman J.,
|d 1930-
|
| 700 |
1 |
|
|a Izaurralde, R. Cesar,
|d 1948-
|
| 710 |
2 |
|
|a SpringerLink (Online service)
|
| 730 |
0 |
|
|a Climate change.
|
| 776 |
1 |
8 |
|i Print version:
|z 9789048157594
|
| 856 |
4 |
0 |
|u http://proxy.library.tamu.edu/login?url=https://link.springer.com/10.1007/978-94-017-3089-1
|z Connect to the full text of this electronic book
|t 0
|
| 994 |
|
|
|a 92
|b TXA
|
| 999 |
|
|
|a MARS
|
| 999 |
f |
f |
|s 5f191eb5-8ac8-38e7-9f75-87634e7ddfd1
|i a6fb7fc2-d9ad-3d7b-aefb-53b17ecb274a
|t 0
|
| 952 |
f |
f |
|a Texas A&M University
|b College Station
|c Electronic Resources
|s www_evans
|d Available Online
|t 0
|e S591.5 .S76 2001eb
|h Library of Congress classification
|
| 998 |
f |
f |
|a S591.5 .S76 2001eb
|t 0
|l Available Online
|